000
00306nam a22001337a 4500
003
SGT
082
_a
340,SWA
100
_a
SAMAY,MAHESHWARA .
245
_a
LAND LAWS UNDER THE CONSTITUTION OF INDIA
260
_a
HYDERABAD
_b
ASIA LAW HOUSE
_c
2006
300
_a
472
650
_a
LAW BOOKS
942
_2
ddc
_c
BK
999
_c
10281
_d
10281